| 000 | 003370000a22001450004500 | ||
|---|---|---|---|
| 003 | MACL | ||
| 040 | _aMACL | ||
| 090 |
_c38371 _d38369 |
||
| 100 | _aWaters, G H C | ||
| 245 | _aFirst Lessons in Physical Geography | ||
| 260 |
_bLongman's Green And Co _c1961 |
||
| 650 | _aTravel | ||
| 942 |
_cBOOK _k910.02/WAT |
||
| 951 | _o910.02/WAT BOOK | ||
| 999 |
_c37962 _d37962 |
||